[Event "GRE-GER m"]
[Site "Corfu"]
[Date "1999.10.14"]
[Round "3"]
[White "Huebner, Robert"]
[Black "Mastrovasilis, Dimitrios"]
[Result "1-0"]
[WhiteElo "2599"]
[BlackElo "2384"]
[Annotator "Huebner,R"]
[PlyCount "81"]
[EventDate "1999.10.12"]
[EventType "schev"]
[EventRounds "5"]
[EventCountry "GRE"]
[SourceTitle "CBM 074"]
[Source "ChessBase"]
[SourceDate "2000.02.01"]
[SourceVersion "1"]
[SourceVersionDate "2000.02.01"]
[SourceQuality "1"]

1. d4 d5 2. Nf3 Nf6 3. c4 c6 4. Nc3 dxc4 5. a4 Bf5 6. e3 e6 7. Bxc4 Bb4 8. O-O
Nbd7 9. Qe2 Bg6 10. e4 O-O 11. Bd3 Bh5 12. Bf4 Qe7 (12... e5 13. dxe5 Ng4 14.
Qc2 Qe7 (14... Qa5 $1 15. Na2 $1 Rfe8 (15... Be7 16. b4 $1 $16) (15... Rae8 16.
Qc4 Be7 17. Qd4 $16) 16. Be2 Bg6 (16... Ngxe5 $2 17. Nxe5 Bxe2 18. Nxc6 $1 $16)
17. Bg3 $1 h6 $2 18. Nh4 Ngxe5 19. f4 Qc5+ 20. Qxc5 Bxc5+ 21. Kh1 Bxe4 22. fxe5
$16 {Kouatly,B-Meduna,E/Trnava/1987/}) (14... Re8 15. Be2 Bg6 16. Rad1 Qc8 17.
e6 (17. Bg3 Ngxe5 18. Nxe5 Nxe5 19. f4 Ng4 $13) 17... fxe6 (17... Rxe6 18. Ng5
$18) 18. Nh4 Nge5 19. Bxe5 Nxe5 20. f4 Nd7 21. Nxg6 hxg6 $14 {Bronstein,
D-Finegold,B/Wijk-B (11)/1992/1-0 (73)}) 15. Be2 Bg6 16. Bg3 h6 17. Nh4 h5 18.
h3 Nh6 19. f4 $16 {Velikov,P-Meduna,E/Baile Herculane/1982/}) (12... Re8 13. e5
Nd5 14. Nxd5 cxd5 15. h3 a6 16. Rfc1 Be7 17. Bd2 (17. Rc3 $5 Bxf3 18. Qxf3 Nb8
$2 19. Bxh7+ Kxh7 20. Qh5+ Kg8 21. Rg3 $40 {Polugaevsky,L-Torre,E/London/1984/
1-0/}) 17... Nb8 $1 18. g4 Bg6 19. Bxg6 fxg6 $1 20. b4 Nc6 21. b5 Na5 $2 (21...
axb5 22. Qxb5 Qd7 23. Rab1 Reb8 $10) 22. Bxa5 $1 Qxa5 23. bxa6 Qxa6 (23... Rxa6
24. Rab1 Rb6 25. Qc2 $16) 24. Qxa6 Rxa6 25. Rc7 $1 $16 {Stangl,M-Van der
Sterren,P/Nettetal (10)/1992/1-0 (65)}) 13. e5 Nd5 14. Nxd5 cxd5 15. Rfc1 (15.
Qe3 Rfc8 16. a5 (16. Ne1 a5 17. Nc2 Bg6 $10) 16... Bg6 17. Ra4 Bxd3 18. Qxd3
Rc4 19. h4 $2 (19. Bg5 Qf8 20. Bd2 Bxd2 21. Rxc4 dxc4 22. Qxd2 b5 $10) 19... h6
(19... Nc5 $5 20. dxc5 Rxf4 $17) 20. h5 Nc5 $1 21. dxc5 Rxf4 $17 {0-1
Gofshtein,L-Sadler,M/Ischia 1996/CBM 54/[Ftacnik] (34)}) 15... Nb8 (15... Rfc8
$5 $11) 16. Qe3 Nc6 $5 (16... Bxf3 17. Qxf3 Nc6 18. Qg4 ({Aussichtsreicher ist
} 18. Qh3 h6 19. Be3 $14) 18... Rfc8 19. Bg5 Qf8 20. Rc2 g6 21. Bf6 Be7 22. Qf4
Bxf6 {1/2-1/2 Mozny,M-Mokry,K/Prague 1985/MCD (22)}) 17. Ng5 Bg6 {Schwarz hat
keinen anderen sinnvollen Zug. Auf} (17... h6 {folgt} 18. Nh7 Rfc8 19. Bxh6 Bg6
20. Bg5 Qd7 21. Qh3 ({Die Fortsetzung} 21. Nf6+ gxf6 22. Bxf6 Bf8 {ist nicht
überzeugend für Weiß.}) 21... Bxd3 (21... Be7 {ist hoffnungslos:} 22. Bxg6 fxg6
23. Bxe7 Qxe7 24. f4 Nxd4 25. Ng5 {, und Weiß gewinnt.}) (21... Nxd4 22. Nf6+
gxf6 23. Bxf6 {führt zu baldigem Matt.}) 22. Qxd3 Be7 23. Rc3 {mit
entscheidendem Vorteil für Weiß.}) 18. Bxg6 fxg6 19. Qh3 h6 20. Qxe6+ Qxe6 ({
Nach} 20... Kh8 21. Qxe7 Bxe7 22. Ne6 Nxd4 23. Nxf8 {ist der König des
Schwarzen im vergleich zur Partiefortsetzung weiter vom Zentrum entfernt, so
daß Weiß Gewinnaussichten hat:} Bxf8 ({Nach} 23... Rxf8 24. Rc7 Bd8 25. Rxb7
Rxf4 26. Rxa7 {wird der a-Bauer des Weißen durchmarschieren.}) 24. Kf1 Nb3 25.
Rab1 Nxc1 26. Rxc1 {Der Turm des Weißen dringt auf der c-Linie ein.}) 21. Nxe6
Rfe8 $2 ({Nötig ist} 21... Nxd4 {. Nach} 22. Nxf8 ({Die Fortsetzung} 22. Nxd4
Rxf4 23. Ne6 Rf7 $11 {gibt dem Weißen keinerlei Vorteil.}) 22... Rxf8 23. Be3
Nb3 (23... Ne2+ {ist nicht stärker:} 24. Kf1 Nxc1 25. Rxc1 a6 26. Ke2 $14) 24.
Bxa7 Ra8 25. Bb6 Nxc1 26. Rxc1 Rxa4 27. Kf1 $14 {hat Weiß einen geringfügigen
Vorteil, doch sollte Schwarz die Stellung halten können.}) 22. Nc7 $18 ({
Schwächer ist} 22. Rxc6 bxc6 23. Nc7 Rf8 24. Nxa8 Rxf4 25. Rd1 Ba5 {, und der
Springer des Weißen droht gefangen zu werden.}) 22... Nxd4 23. Rd1 ({Weniger
überzeugend schien mir die Fortsetzung} 23. Nxa8 Ne2+ 24. Kf1 Nxc1 25. Nc7 Nb3
26. Rd1 Rd8 27. Rxd5 (27. Nxd5 Nd2+ 28. Bxd2 Rxd5 29. Ke2 Rxe5+ {führt zum
Remis.}) 27... Rxd5 28. Nxd5 Bc5 29. e6 a5 {, weil der e-Bauer des Weißen
gefährdet ist; wahrscheinlich steht der Anziehende aber nach} 30. Be5 {auch
auf Gewinn.}) 23... Ne2+ 24. Kf1 Nxf4 25. Nxe8 (25. Nxa8 Ne6 {ist nicht
überzeugend.}) 25... Rxe8 26. Rd4 a5 27. Rxf4 Rxe5 28. Rd1 Bc5 {Es gibt keine
andere Art und Weise, die Drohung 29.Tfd4 abzuwehren. Jetzt kann Weiß den Turm
des Gegners dislozieren.} 29. Re1 Rh5 (29... Rxe1+ 30. Kxe1 {ist hoffnungslos
für Schwarz, weil sein König vom Zentrum abgesperrt bleibt. Weiß vollführt
nach Ke1-e2 das Manöver Tf4-f3-d3-f3 und dringt dann mit dem König
siegverheißend über die weißen Felder vor.R}) 30. h3 b6 31. Re8+ Kh7 32. Ke2 d4
33. Kd3 {Der Rest der hier wiedergegebenen Notation entspricht nicht dem
tatsächlichen Partieverlauf.} Rd5 34. Rf7 g5 35. Rb8 Rd6 36. Rbb7 Rg6 37. Ke4
d3 38. Kxd3 Rd6+ 39. Kc4 Bd4 40. Rfd7 Rxd7 41. Rxd7 1-0

[Event "Lippstadt 11th"]
[Site "Lippstadt"]
[Date "2003.08.08"]
[Round "2"]
[White "Romanishin, Oleg M"]
[Black "Smeets, Jan"]
[Result "0-1"]
[WhiteElo "2561"]
[BlackElo "2477"]
[Annotator "Huebner,R"]
[PlyCount "106"]
[EventDate "2003.08.07"]
[EventType "tourn"]
[EventRounds "11"]
[EventCountry "GER"]
[EventCategory "9"]
[SourceTitle "CBM 097"]
[Source "ChessBase"]
[SourceDate "2003.11.11"]
[SourceVersion "1"]
[SourceVersionDate "2003.11.11"]
[SourceQuality "1"]

1. d4 d5 2. c4 c6 3. Nf3 Nf6 4. Nc3 dxc4 5. a4 Bf5 6. e3 e6 7. Bxc4 Bb4 8. O-O
Nbd7 9. h3 h6 10. Qe2 Bg6 11. e4 O-O 12. Bd3 a6 {Dies ist ein neuer Zug, der
mich nicht sonderlich beeindruckt.} 13. Bc2 Rc8 14. Bf4 Re8 15. Rfd1 Qb6 16.
Ne5 Nxe5 17. dxe5 Nh7 18. h4 h5 19. g4 {Weiß zieht scharf vom Leder. Nach} (19.
Be3 Bc5 (19... Qa5 20. f4 {sieht günstig für Weiß aus.}) 20. a5 Qa7 21. Rd3 {
hat Weiß jedoch ohne Risiko eine schöne Angriffsstellung.}) 19... hxg4 20. a5
$2 {Dies Bauernopfer ist nicht recht verständlich; Weiß verliert nicht nur
einen Bauern, sondern auch Zeit. Richtig ist} (20. Qxg4 Bc5 21. Rab1 (21. h5 {
ergibt nichts:} Qxb2 (21... Bxh5 22. Qxh5 Qxb2 23. Rac1 Qxc3 24. Rd3 {hält
Schwarz nicht aus.}) 22. hxg6 fxg6 23. Rac1 (23. Qg3 g5 24. Bd2 Qxc2 $17) (23.
Qf3 Qxc2 (23... Rf8 24. Ra2) 24. Rac1 Qb3 25. Rb1 Qc4 26. Rxb7 Rb8 {mit
Vorteil für Schwarz.}) 23... Qxc3 24. Rd7 Nf8 25. Rxb7 Rb8 {mit Vorteil für
Schwarz.}) 21... Nf8 (21... Bxf2+ 22. Kg2 Nf8 23. h5 Bh7 24. Bh6 g6 25. Qf4 {
darf sich Schwarz nicht erlauben}) 22. h5 Bh7 23. Bh6 g6 24. Qh4 (24. Qf4 Be7
$11) 24... Be7 25. Bg5 gxh5 26. Bxe7 Ng6 27. Qxh5 Rxe7 28. Rd3 {mit
gefährlichem Angriff.}) 20... Bxa5 21. Na4 Qb4 22. Qxg4 (22. Bd2 {scheitert an}
Qb5 23. Qxb5 (23. Bd3 Qxe5) 23... cxb5 {und Schwarz gewinnt.}) 22... Bxe4 23.
Bxe4 (23. Bd2 {wird mit} f5 {abgewehrt; das ist dem Weißen vielleicht
entgangen.}) 23... Qxe4 24. Nc5 Qb4 25. Nd3 (25. Nxb7 Qxb7 26. Rxa5 {bietet
nur wenig Rettungsaussichten.}) 25... Qb5 26. Bh6 g6 27. h5 g5 28. Kh2 f5 29.
exf6 Bc7+ 30. Kg2 Rcd8 (30... Nxf6 31. Qxg5+ Qxg5+ 32. Bxg5 Nxh5 33. Nc5 {
führt zu unlarem Spiel.}) (30... Bd8 31. f7+ Kxf7 32. Qe4 Qf5 33. Nc5 Rc7 {
ist wohl am genauesten.}) 31. Qf3 $2 (31. Qe4 Qf5 (31... Qd5 32. f7+ Kxf7 33.
Ne5+ $18) 32. Qxf5 exf5 33. Nc5 {eröffnete Möglichkeiten zum Widerstand.})
31... Kf7 32. Bg7 {Auf Grund des Tempoverlustes ist jetzt die Lage nach} (32.
Qe4 Qf5 33. Qxf5 exf5 34. Nc5 {schon hoffnungslos:} Nxf6 {usw.}) 32... Qd5 33.
Ne1 g4 $19 34. Qxd5 Rxd5 35. Nc2 Bb6 36. Nb4 Rxd1 37. Rxd1 Rd8 38. Nd3 Nxf6 39.
h6 Rd5 40. Bxf6 Kxf6 41. Rh1 Rd8 42. h7 Rh8 43. Rh6+ Kg5 44. Rxe6 Rxh7 45. Re5+
Kf6 46. Re4 Rg7 47. b4 Rd7 48. Nc5 Bxc5 49. bxc5 Kf5 50. Rb4 Rg7 51. Rd4 Ke5
52. Rd2 a5 53. Kg3 a4 0-1

[Event "Sigeman & Co 07th"]
[Site "Malmo"]
[Date "1999.06.17"]
[Round "9"]
[White "Lautier, Joel"]
[Black "Hector, Jonny"]
[Result "1-0"]
[WhiteElo "2596"]
[BlackElo "2542"]
[Annotator "Huebner,R"]
[PlyCount "49"]
[EventDate "1999.06.??"]
[EventType "tourn"]
[EventRounds "9"]
[EventCountry "SWE"]
[EventCategory "14"]
[SourceTitle "CBM 072"]
[Source "ChessBase"]
[SourceDate "1999.10.01"]
[SourceVersion "1"]
[SourceVersionDate "1999.10.01"]
[SourceQuality "1"]

1. d4 d5 2. c4 c6 3. Nf3 Nf6 4. Nc3 dxc4 5. a4 Bf5 6. e3 e6 7. Bxc4 Bb4 8. O-O
Nbd7 9. Qe2 Bg4 10. h3 Bxf3 11. Qxf3 O-O 12. Rd1 Rc8 13. e4 (13. Ne4 Nxe4 14.
Qxe4 Qa5 15. Qc2 Nb6 16. Bd3 g6 17. e4 Rfd8 18. Be2 $11 {1/2-1/2 Beliavsky,
A-Ivanchuk,V/Munich 1994/CBM 42 (62)}) 13... e5 14. dxe5 {Dies ist ein neuer
Versuch, der recht plausibel aussieht; Weiß öffnet die Stellung für sein
Läuferpaar; seine Dame bezieht einen aktiven Posten. Schwarz hat jedoch gutes
Figurenspiel und Gegenspiel gegen den Bauern des Weißen auf e4, dem es
bisweilen an genügender Deckung mangelt.} Nxe5 15. Qf5 Qa5 ({Nach} 15... Qe7
16. Bb3 Rcd8 17. Bg5 Nd3 18. Bc2 Nxb2 19. Rxd8 Qxd8 ({Auf} 19... Rxd8 {folgt}
20. e5 Qd7 21. Na2 Qxf5 22. Bxf5 Bd2 23. Bxd2 Rxd2 24. exf6 {mit
Gewinnstellung für Weiß.}) 20. Na2 Bd2 21. Bxf6 Qxf6 22. Qxf6 gxf6 23. Rb1 Nc4
24. Rxb7 a5 25. g3 {hat Weiß einigen Vorteil.}) 16. Bf1 Rfe8 17. Be3 Qc7 {
Dieser Zug ist mir gänzlich unverständlich. Nach} (17... Ng6 18. Qxa5 Bxa5 19.
f3 a6 ({Die Fortsetzung} 19... Bb6 20. Bxb6 axb6 21. Rd4 {ist unbequem für
Schwarz.}) 20. Bd4 Rcd8 {hat Weiß keinen nennenswerten Vorteil.}) 18. Rac1 Ng6
$2 (18... Bxc3 19. Rxc3 Ng6 {sollte versucht werden. Nach dem Textzug erhält
Weiß eine Gewinnstellung.}) 19. Nd5 $1 Nxd5 20. exd5 Qa5 {Auch nach
bescheideneren Fortsetzungen behält Weiß gewaltigen Vorteil, zum Beispiel:} (
20... Rcd8 21. dxc6 bxc6 22. Rxd8 Rxd8 23. Qe4 $18) (20... Nf8 21. Bxa7 $18)
21. Qd7 $1 Qxa4 {Es gibt keine Rettung für Schwarz:} (21... Red8 22. Qxb7 Rc7
23. Qa6 cxd5 24. Rxc7 Qxc7 25. Qxa7 Qxa7 26. Bxa7 {und Weiß gewinnt.}) (21...
Rcd8 22. Qxb7 cxd5 23. Qxa7 Qxa7 24. Bxa7 Ra8 25. Bb5 {und Weiß gewinnt.}) (
21... Rb8 {ist die zäheste Verteidigung:} 22. dxc6 (22. d6 {ist weniger stark:}
Ne5 23. Qc7 Qxc7 24. dxc7 Rbc8 25. Bxa7 Rxc7 {, und Schwarz hat gute
Rettungsaussichten.}) 22... Ne5 (22... bxc6 23. Qxc6 Ne5 (23... Rxe3 24. fxe3
Bd2 25. Qc7 Bxe3+ 26. Kh1 {Schwarz hat keine genügende Kompensation für das
geopferte Material.}) 24. Qa6 {mit überwältigender Stellung für Weiß.}) 23.
Qxe8+ Rxe8 24. cxb7 {, und Weiß gewinnt.}) (21... Qc7 22. Qxc7 Rxc7 23. Bxa7 {
, und Weiß gewinnt.}) 22. Qxb7 Bd6 23. dxc6 Bc7 24. Rd7 Qa5 25. Rc5 1-0

[Event "NED-ch58"]
[Site "Leeuwarden"]
[Date "2003.07.03"]
[Round "7"]
[White "Van Wely, Loek"]
[Black "L'Ami, Erwin"]
[Result "1-0"]
[WhiteElo "2675"]
[BlackElo "2433"]
[Annotator "Huebner,R"]
[PlyCount "77"]
[EventDate "2003.06.26"]
[EventType "tourn"]
[EventRounds "9"]
[EventCountry "NED"]
[EventCategory "11"]
[SourceTitle "CBM 096"]
[Source "ChessBase"]
[SourceDate "2003.09.25"]
[SourceVersion "1"]
[SourceVersionDate "2003.09.25"]
[SourceQuality "1"]

1. c4 c6 2. d4 d5 3. Nf3 Nf6 4. Nc3 dxc4 5. a4 Bf5 6. e3 e6 7. Bxc4 Bb4 8. O-O
Nbd7 9. Qe2 Bg6 10. e4 O-O 11. Bd3 h6 12. Rd1 Re8 13. h3 a6 14. Bf4 Rc8 15.
Rac1 ({Auf} 15. Na2 {kann} Bf8 16. b4 a5 17. bxa5 Qxa5 18. Rdb1 c5 19. Ne5 Nxe5
({Nach} 19... cxd4 20. Nxg6 fxg6 21. e5 Nd5 {wie in der Partie Petursson-Oll,
London 1994 geschah, führt die Folge} 22. Bh2 Ne7 23. Nc1 {laut Z. Ribli,
Slawisch D16-19 (Informatormonographie), D 19/139, Fußnote 830, zu Vorteil für
Weiß.}) 20. dxe5 c4 21. Bc2 Qc7 {mit etwa ausgeglichener Stellung folgen: M.
Petursson, loc. cit. Der hier angewandte Textzug wird von Z. Ribli in dem
genannten Werk an der angegebenen Stelle empfohlen.}) 15... Qa5 (15... Qb6 16.
Bb1 Bh7 17. Nd2 Qd8 18. Nc4 Nb6 19. Na2 Bf8 20. b3 Ra8 21. Kh1 Nc8 22. a5 $16 {
1-0 Sadler,M-Miles,A/Torquay 1998/CBM 66 ext (54)}) 16. Nd2 ({Nach} 16. Na2
Qxa4 17. b3 Qa5 18. Nxb4 Qxb4 {hat Weiß nur unklare Kompensation für den
aufgegebenen Bauern.}) 16... b5 17. Nf3 {Dies ist eine bedächtige, umsichtige
Fortsetzung: Der Springer geht auf das Feld zurück, von dem er herkam, um
e6-e5 auszuschalten; mit b7-b5 hat Schwarz seine Bauernstellungstellung am
Damenflügel mittlerweile gelockert.} (17. axb5 cxb5 18. Nb3 Qb6 19. e5 Nd5 20.
Nxd5 exd5 21. Qf3 Bxd3 22. Rxd3 Qe6 23. Rxc8 Rxc8 24. Bd2 Bf8 25. Rc3 Nb6 26.
Rxc8 Qxc8 27. Ba5 Nc4 28. Qxd5 Nxb2 29. Nc5 Nc4 30. Bc3 Nb6 31. Qe4 Nc4 32. Qd5
a5 33. e6 fxe6 34. Nxe6 Nb6 35. Qf5 b4 36. Bb2 Na4 37. Qd5 Kh8 38. Nf4 Qe8 39.
Bc1 Nc3 40. Qxa5 Bd6 41. Nd3 Ne2+ 42. Kf1 Qe4 43. Qa6 Nxd4 44. Ne1 b3 45. Qd3
Qe5 46. Bb2 Bb4 47. Nf3 Qb5 48. Ne1 Qe8 49. Qd1 Qb5+ 50. Qd3 Qe8 51. Qd1 Qb5+ {
1/2-1/2 Piket,J-Morozevich,A/Wijk aan Zee 2000/CBM 75/[Huebner,R] (51).}) ({
Mit der Folge} 17. Ra1 Qb6 ({Die Fortsetzung} 17... Bxc3 18. bxc3 ({Nach} 18.
axb5 Bxd2 19. Rxa5 Bxa5 20. bxa6 e5 {dürfte Schwarz nicht schlechter stehen.})
18... Qxc3 19. Nf3 {gewährt dem Weißen mehr als ausreichende Kompensation für
den geopferten Bauern, weil die Bauernstruktur des Schwarzen am Damenflügel
nicht mehr stabil ist.}) 18. Nf3 {konnte Weiß die Spannung im Zentrum
aufrechterhalten und auf einigen Vorteil hoffen.}) 17... Qb6 18. Na2 Bf8 19. b4
bxa4 20. Bxa6 Bxe4 {Schwarz kämpft in aktiver Weise um den Ausgleich. Nach} (
20... Ra8 21. Bd3 Qb7 22. Re1 {bleibt seine Stellung unbequem.}) 21. Bxc8 Rxc8
({Die Fortsetzung} 21... Bxf3 22. Qxf3 Rxc8 {verspricht dem Schwarzen eine
haltbare Stellung.}) 22. Ne5 Bd5 23. b5 Bxa2 $2 {Es kann nicht richtig sein,
den starken Läufer gegen den Randspringer abzutauschen. Nach} (23... Nxe5 24.
dxe5 Ne4 25. Be3 Qb7 {sollte Schwarz sich halten können;} 26. b6 {wird mit} c5
{beantwortet.}) 24. Nxd7 Nxd7 25. bxc6 Nf6 26. Qxa2 Nd5 27. Bd2 a3 28. Qc4 Bd6
({Auf} 28... Ne7 {folgt} 29. Bb4 Rxc6 30. Bc5 Qa5 31. Qa2 Nd5 32. Bxf8 Rxc1 33.
Rxc1 Kxf8 34. Ra1 {mit technischer Gewinnstellung für Weiß.}) 29. Qa4 Qd8 30.
Rc2 Ra8 31. Qc4 Bc7 32. Rb1 Qd6 33. g3 Qe7 34. Ra2 g5 35. Bb4 Qf6 (35... Bd6
36. Bxd6 Qxd6 37. Rc1 {, und Weiß wird schließlich gewinnen.}) (35... Nxb4 36.
Rxb4 Qd8 37. Rb3 Qd6 38. Qc1 {, und Weiß gewinnt.}) 36. Rxa3 $18 Rxa3 37. Bxa3
Qf5 38. Rb7 Qf3 39. Rxc7 1-0

[Event "USA-ch"]
[Site "San Diego"]
[Date "2004.11.29"]
[Round "5"]
[White "Gulko, Boris F"]
[Black "Lakdawala, Cyrus"]
[Result "1-0"]
[WhiteElo "2600"]
[BlackElo "2422"]
[Annotator "Huebner,R"]
[PlyCount "49"]
[EventDate "2004.11.24"]
[EventType "swiss"]
[EventRounds "9"]
[EventCountry "USA"]
[SourceTitle "CBM 105"]
[Source "ChessBase"]
[SourceDate "2005.04.11"]
[SourceVersion "1"]
[SourceVersionDate "2005.04.11"]
[SourceQuality "1"]

1. d4 d5 2. c4 c6 3. Nf3 Nf6 4. Nc3 dxc4 5. a4 Bf5 6. e3 e6 7. Bxc4 Bb4 8. O-O
O-O 9. Qe2 Bg4 10. h3 Bxf3 11. Qxf3 Nbd7 12. Rd1 Rc8 13. e4 e5 14. Be3 Qa5 (
14... Qe7 15. Re1 (15. d5 $5 Nb6 16. Bb3 cxd5 17. Nxd5 Nbxd5 18. Bxd5 Nxd5 (
18... Bc5 19. Bg5 Bd4 20. Qg3 Kh8 21. Rxd4 exd4 22. e5 Qc7 23. exf6 Qxg3 24.
fxg3 Rc5 25. fxg7+ Kxg7 26. Be7 Rxd5 27. Bxf8+ Kxf8 {1/2-1/2 Cvitan,O-Hector,J/
Plovdiv 2003/ (47)}) 19. Rxd5 Bc5 20. Rad1 Bxe3 21. Qxe3 b6 22. Qb3 Rfd8 23.
Qc3 f6 24. Rd7 Kf8 25. Kh2 a5 26. g4 g5 27. h4 gxh4 28. g5 Rxc3 29. Rxd8+ Qxd8
30. Rxd8+ Ke7 31. Rh8 Rc2 32. Rxh7+ Kf8 33. g6 Rxf2+ 34. Kh3 Rxb2 35. Kxh4 Re2
36. Rf7+ {1/2-1/2 Filippov,V-Motylev,A/Togliatti 2003/CBM 094 ext (36)}) 15...
exd4 16. Bxd4 Ne5 17. Qe2 c5 18. Bxe5 Qxe5 $11 {1-0 Cmilyte,V-Matras,A/Warsaw
1999/EXT 2000 (42). (41)} 19. Rad1 Rcd8 20. Qe3 Rd4 21. f4 Qe7 22. Bb3 {
1-0 Cmilyte,V-Matras,A/Warsaw 1999/ (42)}) (14... Re8 15. d5 Bxc3 16. bxc3 cxd5
17. Bxd5 Rxc3 18. Bxb7 Qc7 19. Bd5 Nxd5 20. exd5 Qd6 21. Qe2 a6 22. a5 Rec8 23.
Bb6 {1-0 Bellon Lopez,J-Hector,J/Gothenburg 2004/ (83)}) 15. d5 {Dies ist an
dieser Stelle ein neuer Versuch. Vorteil dürfte Weiß bei angemessener Reaktion
damit wohl nicht erzielen können. Ich gebe einen Überblick über die Vorgäner:}
(15. Na2 Bd6 16. Nc3 exd4 (16... Bb4 $11) 17. Bxd4 Ne5 18. Qe2 Rfe8 (18... Nxc4
19. Bxf6 (19. Qxc4 Be5) 19... gxf6 20. Qxc4 Rcd8 {vollkommen gesund zu sein.
Der Textzug ist aber sicher auch gut spielbar.}) 19. Ba2 Bc5 20. f4 Rcd8 21.
Bxc5 Qxc5+ 22. Kh2 Ng6 23. g3 Nd5 (23... h5 24. Rxd8 (24. e5 Rxd1 25. Rxd1 h4 {
sieht nicht gut für Weiß aus.}) 24... Rxd8 25. e5 Nd5 26. Nxd5 cxd5 27. Rg1 {
entsteht eine schwer einzuschätzende Stellung, doch vermute ich daß Schwarz
ausreichendes Gegenspiel besitzt.}) 24. Nxd5 cxd5 25. e5 $16 {1-0 Kasimdzhanov,
R-Bareev,E/Sarajevo 2003/CBM 096/[Huebner,R] (56). (55)}) (15. Ne2 exd4 (15...
Rfe8 16. Ng3 exd4 (16... g6 17. dxe5 Nxe5 18. Qxf6 Be7 (18... Nxc4 19. Rd7 Ne5
20. Bh6 Bf8 21. Bxf8 Rxf8 22. Rxb7 $16) 19. Bxf7+ Nxf7 20. Qc3 $16) 17. Bxd4
Ne5 18. Bxe5 (18. Qe2 Nxc4 19. Bxf6 Ne5 20. Bg5 h6 21. Be3 Rcd8 $11) 18... Rxe5
(18... Qxe5 $2 19. Bxf7+ Kxf7 20. Qb3+ $16) 19. Qb3 $11 {1/2-1/2 Sasikiran,
K-Morozevich,A/Biel 2004/CBM 102/[Ftacnik] (49). (48)}) 16. Bxd4 Ne5 17. Qb3
Rce8 18. Ng3 g6 19. Rac1 Nfd7 20. Qe3 Nxc4 21. Rxc4 c5 $11 22. Qh6 $2 cxd4 23.
Rdxd4 Be7 24. Nf5 gxf5 25. Rxd7 Qe5 26. exf5 Bf6 27. Rg4+ Kh8 28. Rxb7 Bg7 29.
Qd2 Rd8 30. Qc2 Qe1+ 31. Kh2 Be5+ 32. f4 Bd4 33. h4 h5 {0-1 Stefansson,
H-Dominguez,L/Mallorca 2004/CBM 104 no vc (33).}) 15... Bxc3 16. bxc3 cxd5 $6 {
Danach erhält Weiß bereits das etwas bessere Spiel.} ({Ich sehe nicht, was
gegen} 16... Qxc3 {spricht.}) 17. Bxd5 Nc5 (17... Nxd5 18. Rxd5 Qc7 (18... Qxc3
19. Rc1 Qxc1+ 20. Bxc1 Rxc1+ 21. Kh2 {ist ungenügend.}) 19. Qf5 {ist unbequem
für Schwarz.}) (17... Nb6 18. Bxb6 axb6 19. c4 {desgleichen.}) (17... Rxc3 18.
Bd2 Nxd5 (18... Rxf3 19. Bxa5 {, und Weiß gewinnt.}) 19. Bxc3 Nxc3 20. Rxd7 {
ist hoffnungslos für Schwarz.}) (17... Qxc3 18. Bxb7 Rb8 19. Rac1 Qa5 20. Bc6 {
ist offensichtlich unbefriedigend.}) (17... b6 18. c4 h6 19. Qg3 Kh7 {nebst
Da5-b4 ist vielleicht am ehesten geeignet, Widerstand zu leisten.}) 18. c4 Nxd5
19. cxd5 Nxa4 $2 {Die Stellung des Schwarzen ist nicht schön, aber dies
scheint mir Selbstmord zu sein.} ({Mit} 19... Qb4) ({oder} 19... b6 {ließe
sich durchaus noch weiterspielen.}) 20. Qf5 f6 21. d6 Rcd8 22. Qe6+ Rf7 (22...
Kh8 23. Rdc1 Qb4 (23... Rfe8 24. Qf7 Rf8 25. Qxb7 {kostet den Springer.}) 24.
Rc7 Rg8 25. d7 (25. Bh6 Qxd6 26. Qf7 Qf8 {ist nicht durchschlagend.}) 25... Qb5
26. Bxa7 b6 27. Rc8 {mit der Drohung 28.Dg8:+ rettet den Schwarzen nicht.}) 23.
Rdc1 $18 Kf8 24. Rc8 b5 25. Rac1 1-0